000 00644cam a2200145 4500500
005 20260208005832.0
041 _afre
042 _adc
100 1 0 _aD’Hulst, Lieven
_eauthor
245 0 0 _aEMILY SALINES, Alchemy and Amalgam. Translation in the Works of Charles Baudelaire. Coll. « Faux titre », n° 246. Amsterdam-New York, Rodopi, 2004. Un vol. de 301 p.
260 _c2005.
500 _a87
786 0 _nRevue d'histoire littéraire de la France | 105 | 4 | 2005-10-01 | p. 1031k-1076k | 0035-2411
856 4 1 _uhttps://shs.cairn.info/revue-d-histoire-litteraire-de-la-france-2005-4-page-1031k?lang=fr&redirect-ssocas=7080
999 _c1654046
_d1654046